Topology and its applications a journal devoted to general, geometric, set-theoretic and algebraic topology

Αποθηκεύτηκε σε:
Λεπτομέρειες βιβλιογραφικής εγγραφής
Μορφή: Περιοδική έκδοση
Γλώσσα:English
Δημοσίευση: Amsterdam : Elsevier, 1980-
Θέματα:
Ετικέτες: Προσθήκη ετικέτας
Δεν υπάρχουν, Καταχωρήστε ετικέτα πρώτοι!

MARC

LEADER 00000nas a2200000 i 4500
001 1/102625
008 000225c19809999 eng d
022 |a 01668641 
035 |l 10058157 
040 |a GR-MY-UA  |b gre  |e aacr 
041 0 |a eng 
082 0 |a 514.05 
245 1 0 |a Topology and its applications  |h [περιοδικό] :  |b a journal devoted to general, geometric, set-theoretic and algebraic topology 
260 |a Amsterdam :   |b Elsevier,   |c 1980- 
310 |a Biweekly 
650 0 0 |a Topology  |x Periodicals. 
853 |a INST  |b SAMOS  |c SER 
922 |a 3ΕΛΗ  |b 198001  |c ΤΜΗΜΑ ΜΑΘΗΜΑΤΙΚΩΝ  |d SWETS